Songs with Place Names in their Titles - Statistics

General Stats
  • This quiz has been taken 28 times
  • The average score is 4 of 20
Answer Stats
Musical Act Answer % Correct
The Mamas & The Papas {California} Dreamin'
93%
Ralph McTell Streets of {London}
52%
Freddie Mercury and Montserrat Caballé {Barcelona}
44%
Dropkick Murphys I'm Shippin' Up to {Boston}
30%
Led Zeppelin {Kashmir}
22%
Deep Purple Woman from {Tokyo}
22%
The Doors {Alabama} Song (Whisky Bar)
19%
Bob Dylan Spanish {Harlem} Incident
19%
(Irish folk) The Fields of {Athenry}
19%
Fats Domino Walkin' to {New} {Orleans}
19%
The Beatles {Savoy} Truffle
15%
Emerson, Lake & Palmer {Jerusalem}
7%
Pink Floyd {Southampton} Dock
7%
Captain Beefheart {Dachau} Blues
4%
King Crimson {Formentera} Lady
4%
Genesis The Battle of {Epping} {Forest}
4%
Charles Mingus {Tijuana} Gift Shop
4%
America {Cornwall} Blank
0%
Blue Öyster Cult {Death} {Valley} Nights
0%
Brian Eno The Fat Lady of {Limbourg}
0%
No matching quizzes found
Score Distribution
Percent of People with Each Score
Percentile by Number Answered
Your Score History
You have not taken this quiz